Tecnologías de la vida para el desarrollo : (Registro nro. 7835)

Detalles MARC
000 -CABECERA
Campo de control 00715nam a22002177a 4500
005 - FECHA Y HORA DE LA ULTIMA TRANSACCION
Campo de control 20131119120147.0
008 - ELEMENTOS DE LONGITUD FIJA—INFORMACION GENERAL
Campo de control 131118b1993 ck ||||| |||| 00| 0 spa d
020 ## - ISBN
ISBN 9589037291
041 ## - IDIOMA
Código de idioma para texto/pista de sonido o título separado Español
044 ## - PAÍS DE PUBLICACIÓN
País de publicación Colombia
082 ## - NUMERO DE CLASIFICACION DECIMAL DEWEY
Número de clasificación 600
Número del ítem C68t
110 ## - ASIENTO PRINCIPAL--NOMBRE CORPORATIVO
Nombre corporativo o de jurisdicción como elemento de entrada Colciencias
245 ## - MENCION DE TITULO
Título Tecnologías de la vida para el desarrollo :
Parte restante del título base para un plan de programa nacional de biotecnología
260 ## - PUBLICACION, DISTRIBUCION, ETC. (PIE DE IMPRENTA)
Lugar de publicación, distribución, etc. Bogotá
Nombre del editor, distribuidor, etc. Colciencias
-- Tercer Mundo, Editores
Fecha de publicación, distribución, etc. 1993
300 ## - DESCRIPCION FISICA
Extensión 150 p.
Dimensiones 23 cm.
650 17 - ASIENTO SECUNDARIO DE MATERIA - TERMINO TEMATICO
Término temático o nombre geográfico como elemento de entrada Biotecnología
Subdivisión de forma Investigación
650 17 - ASIENTO SECUNDARIO DE MATERIA - TERMINO TEMATICO
Término temático o nombre geográfico como elemento de entrada Desarrollo científico y tecnológico
Subdivisión geográfica Colombia
650 17 - ASIENTO SECUNDARIO DE MATERIA - TERMINO TEMATICO
Término temático o nombre geográfico como elemento de entrada Innovación tecnológica
650 17 - ASIENTO SECUNDARIO DE MATERIA - TERMINO TEMATICO
Término temático o nombre geográfico como elemento de entrada Competitividad
942 ## - ELEMENTOS ADICIONALES (KOHA)
Sistema de clasificación Dewey Decimal Classification
Tipo de ítem Impreso
Existencias
Withdrawn status Lost status Sistema de Clasificación Damaged status No para préstamo Colección Inventariado Ubicación Permanente Ubicación actual Fecha de adquisición Fuente de Valor Valor Total Checkouts Número topográfico Inventario / Código de Barras Date last seen Ejemplar Price effective from Forma de adquisición Tipo de material
    Dewey Decimal Classification     General Inventariado 2017 Bogotá Bogotá 18/11/2013 Instituto 39000.00   LB-600 C68t 059497 18/11/2013 Ej. 1 18/11/2013   Libro